Countries Most Similar To Mauritania - Statistics

General Stats
  • This quiz has been taken 56 times
  • The average score is 15 of 20
Answer Stats
Rank Country Score % Correct
1 Sudan 76.4
97%
2 Algeria 74.5
94%
3 Egypt 73.7
92%
9 Libya 71.1
92%
7 Morocco 71.7
92%
10 Mali 70.8
89%
15 Senegal 68.2
86%
11 Tunisia 70.8
86%
6 Chad 71.9
81%
12 Somalia 70.1
81%
8 Niger 71.2
78%
16 Syria 67.4
72%
14 Iraq 68.9
69%
4 Yemen 72.4
69%
5 Djibouti 72.1
67%
18 Eritrea 65.1
64%
13 Jordan 69
56%
19 Guinea 64.7
50%
20 Afghanistan 64
44%
17 Palestine 65.8
39%
No matching quizzes found
Score Distribution
Percent of People with Each Score
Percentile by Number Answered
Your Score History
You have not taken this quiz